Visualizzazione normale
Vista MARC
- Antonio María Claret,
di Personal Name
Records bibliografici associati: 1
001 - CONTROL NUMBER
- control field: 54154
003 - CONTROL NUMBER IDENTIFIER
- control field: IT-RoINE
005 - DATE AND TIME OF LATEST TRANSACTION
- control field: 20181107112123.0
008 - FIXED-LENGTH DATA ELEMENTS
- fixed length control field: 181107|| aca||aabn | a|a d
040 ## - CATALOGING SOURCE
- Original cataloging agency: IT-RoINE
- Transcribing agency: IT-RoINE
100 ## - HEADING--PERSONAL NAME
- Personal name: Antonio María Claret,
- Titles and other words associated with a name: Santo,
- Dates associated with a name: 1807-1870
- General subdivision: Pensamiento político
670 ## - SOURCE DATA FOUND
- Source citation: Work cat.: (IT-RoINE)0: Vigil, José María, 1946- 54153, La política de la Iglesia apolítica :, D.L. 1975.